End use energy analysis in Tengku Ampuan Rahimah Hospital Klang /
Saved in:
| Main Author: | |
|---|---|
| Format: | Thesis Book |
| Language: | English |
| Published: |
2009.
|
| Subjects: | |
| Tags: |
Add Tag
No Tags, Be the first to tag this record!
|
| LEADER | 01287cam a2200313 a 4500 | ||
|---|---|---|---|
| 001 | u796105 | ||
| 003 | SIRSI | ||
| 005 | 201008181603 | ||
| 008 | 100818s2009 my a t 000 0 eng m | ||
| 040 | |a UMM |b UMJ | ||
| 043 | |a a-my--- | ||
| 090 | |a TJ7 |b UM 2009 Yog | ||
| 097 | |a TJ7 |b UM 2009 Yog | ||
| 100 | 1 | |a Yogeswaran Suppiah. | |
| 245 | 1 | 0 | |a End use energy analysis in Tengku Ampuan Rahimah Hospital Klang / |c Yogeswaran Suppiah. |
| 260 | |c 2009. | ||
| 300 | |a xii, 100 leaves : |b ill. ; |c 30 cm. | ||
| 502 | |a Dissertation (M.Eng.) -- Jabatan Kejuruteraan Mekanik, Fakulti Kejuruteraan, Universiti Malaya, 2010. | ||
| 504 | |a Bibliography: leaves 95-99. | ||
| 610 | 1 | 0 | |a Hospital Tengku Ampuan Rahimah (Klang, Selangor) |
| 650 | 0 | |a Public hospitals |x Energy consumption |z Malaysia. | |
| 650 | 0 | |a Commercial buildings |x Energy consumption |z Malaysia. | |
| 650 | 0 | |a Public hospitals |x Energy conservation |z Malaysia. | |
| 650 | 0 | |a Commercial buildings |x Energy conservation |z Malaysia. | |
| 710 | 2 | |a Universiti Malaya. |b Jabatan Kejuruteraan Mekanik. | |
| 900 | |a ZSA-ZA | ||
| 596 | |a 1 7 | ||
| 999 | |a TJ7 UM 2009 YOG |w LC |c 1 |i A514345155 |d 28/3/2011 |f 28/3/2011 |g 1 |l STACKS |m P01UTAMA |r Y |s Y |t TESIS |u 24/3/2011 | ||
| 999 | |a TJ7 UM 2009 YOG |w LC |c 1 |i A514345141 |l STACKS |m P07JURUTER |r Y |s Y |t TESIS |u 10/6/2011 | ||
